000
00336nam a2200133Ia 4500
005
20251013221637.0
008
251010s9999 xx 000 0 und d
041
_a
mar
100
_a
देशपांडे पु.ल.
_9
213820
245
_a
पुर्वरंग
250
_a
1ST
260
_b
Shree vidya
_c
1988
300
_a
286
999
_c
368046
_d
368046